Statystyki dla Kontynenty według zarażeń Covid-19 (5.06.2020)

Kliknij tutaj aby rozwiązać quiz!

Ogólne statystyki

  • Ten quiz został rozwiązany 40 razy
    (37 od ostatniego zresetowania)
  • Średni wynik to 6 z 6

Statystyki odpowiedzi

Liczba ZarażonychKontynent% Poprawnych
2,19 mlnAmeryka Północna
100%
1,04 mlnAmeryka Południowa
100%
1,29 mlnAzja
100%
2,06 mlnEuropa
100%
174 tysAfryka
97%
8,86 tysOceania
76%

Rozkład punktacji

Percentyl według liczby udzielonych odpowiedzi

Procent ludzi z każdym wynikiem

Twoja historia wyników

Nie rozwiązałeś tego quizu od ostatniego zresetowania